000 00401nam a2200145Ia 4500
008 220217s9999||||xx |||||||||||||| ||und||
020 _a9789332518544
082 _a621.483 ESP
100 _aEsposito, Anthony
245 0 _aFluid power with applications
250 _a7th
260 _aPearson education of asia
_bNew Delhi
_c2014
300 _a648p.
_b695
650 _aFLUIDE MECHANICS
_98445
999 _c185333
_d185333